000 00683cab a2200229 4500
001 ABS57499
008 090401t1997 xxu||||| |||| 00| 0 eng d
035 _a(Sirsi) u80614
041 _aeng
100 _aLewison, K.
245 2 _aA reasonable request for plain speaking
260 _c1997
350 _a0
490 _aProperty Week
_v60(10) 29 August 1997, 19(1)
520 _aDiscusses the practical problems faced by property professionals in interpreting written documents, such as leases, contracts and conveyances.
650 _aDOCUMENTS
650 _aINTERPRETATION
650 _aPROPERTY PROFESSIONALS
690 _aLAW
942 _n0
948 _c02/09/1997
999 _c50745
_d50745